000 00547nam a22001817a 4500
003 CEME
005 20210628203922.0
008 210308b xxu||||| |||| 00| 0 eng d
020 _a0-08-028701-8
040 _c.
082 _a629.8312 JAM'L
100 _aJamshidi, Mohammad , Malek, Zavarei Mand
_967846
245 _aLinear control system , a computer aided approach
260 _aOXFORD
_bPERGMAN PRESS
_c1986
300 _aXIV, 622P
650 _aAUTOMATIC CONTROL DATA PROCESSING CONTROL THEORY-DATA PROCESSING
_967847
942 _cBK
_2ddc
999 _c575537
_d575537